| 000 | 01352nam a22003497a 4500 | ||
|---|---|---|---|
| 003 | EG-ScBUE | ||
| 005 | 20220612115015.0 | ||
| 008 | 140417t2008 enkae f 000 0 eng d | ||
| 020 | _a9781424000685 | ||
| 020 | _a1424000688 | ||
| 040 |
_aEG-ScBUE _beng _erda _cEG-ScBUE _dEG-ScBUE |
||
| 082 | 0 | 4 |
_222 _a428.2402465 _bHEL |
| 100 | 1 |
_935935 _aHelm, Sarah, _eauthor. |
|
| 245 | 1 | 0 |
_aBest practice upper intermediate : _bupper intermediate, _pTeacher's resource book / _cSara Helm and Rebecca Utteridge. |
| 246 | 3 | 0 | _aTeacher's resource book |
| 264 | 1 |
_aLondon ; _aBoston, Massachusetts : _bThomson Learning, _c[2008] |
|
| 264 | 4 | _cc2008 | |
| 300 |
_a127 pages : _bplans, tables ; _c30 cm. |
||
| 336 |
_2rdacontent _atext _btxt |
||
| 337 |
_2rdamedia _aunmediated _bn |
||
| 338 |
_2rdacarrier _avolume _bnc |
||
| 490 | 0 | _aBusiness English in a global context | |
| 650 | 7 |
_935932 _aEnglish language _xBusiness English _vTerminology. _2BUEsh |
|
| 650 | 7 |
_935931 _aBusiness communication _xTerminology. _2BUEsh |
|
| 650 | 7 |
_935933 _aBusiness communication _vProblems, exercises, etc. _2BUEsh |
|
| 650 | 7 |
_923274 _aEnglish language _xBusiness English _vProblems, exercises, etc. _2BUEsh |
|
| 651 | _2BUEsh | ||
| 653 |
_cApril2014 _bHHUUEENN |
||
| 655 |
_vReading book _934232 |
||
| 700 | 1 |
_935929 _aUtteridge, Rebecca, _eauthor. |
|
| 942 |
_2ddc _k428.2402465 HEL _cTR |
||
| 999 |
_c18231 _d18203 |
||